000 01806ngm a2200373 4500
003 dpl
005 2009111809459.0
007 DVD
008 ||||||sp199 xxu|||||c ||| 00| 0 ng d
010 _aDVD-004841-4844
024 _c149.00
035 _aDVD-004841-4844
040 _aDPL
_cDPL
082 _aDVD / LAAW
245 _aLaawaris
_cPrakash Mehra Presents
_h[videorecording] DVD/
260 _bBig Home Video
300 _a1 videodisc DVD;
_bsd., col. ;
_c4 3/4 in.
_fDVD
440 _aBig Home Video
500 _aThis title is complete with 3 discs Not to be sold individually
538 _aDolby Digital 5.1 - Hindi Subtitles: English
650 _aMotion Picture
700 _aMehra, Prakash
700 _aKalyanji
700 _aAnandji
700 _aBachchan, Amitabh
700 _aZeenat Aman
700 _aAmjad Khan
942 _cCF
_2ddc
_hDVD
_mLAAW
999 _c31900
_d31900